TV Shows set in Pennsylvania Quiz Stats

 Plays Quiz not verified by Sporcle

Challenge
Share
Tweet
Embed
Score 0/36 Timer 10:00
0 Plays Today
City Show Title % Correct
ScrantonThe Office
71.9%
PhiladelphiaIt's Always Sunny in Philadelphia
45.4%
PhiladelphiaBoy Meets World
43.8%
Pine ValleyAll My Children
36.2%
PhiladelphiaAmen
25.9%
PittsburghMy So-Called Life
23.8%
PhiladelphiaFat Albert and the Cosby Kids
16.8%
PhiladelphiaCold Case
15.7%
Philadelphiathirtysomething
15.7%
LlanviewOne Life to Live
15.7%
Beaver FallsMr. Belvedere
12.4%
PittsburghQueer as Folk
12.4%
PhiladelphiaAmerican Dreams
9.7%
PhiladelphiaAngie
8.6%
RosewoodPretty Little Liars
8.6%
PhiladelphiaHack
8.1%
PittsburghBack to You
7.6%
Philadelphia'til Death
7%
City Show Title % Correct
PhiladelphiaBrotherly Love
5.9%
PittsburghThree Rivers
5.4%
PhiladelphiaBrothers
3.2%
PittsburghThe Guardian
2.7%
GrandGrand
2.7%
PhiladelphiaPhilly
2.2%
PhiladelphiaThe Tony Randall Show
2.2%
PittsburghHope and Gloria
2.2%
PhiladelphiaThe Class
1.6%
PhiladelphiaStrong Medicine
1.6%
PittsburghSirens
1.1%
PhiladelphiaThe Big House
0.5%
PhiladelphiaMaybe This Time
0.5%
PhiladelphiaShannon's Deal
0.5%
HadleyvilleGung Ho
0.5%
PhiladelphiaBustin' Loose
0%
PittsburghHeartland
0%
PittsburghThe Kill Point
0%

You're not logged in!

Compare scores with friends on all Sporcle quizzes.
Join for Free
OR
Log In

You Might Also Like...

Show Comments

Extras

Created Feb 11, 2011ReportNominate
Tags:TV Show Quiz, pennsylvania

Top Quizzes Today


Score Distribution

Your Account Isn't Verified!

In order to create a playlist on Sporcle, you need to verify the email address you used during registration. Go to your Sporcle Settings to finish the process.

Report this User

Report this user for behavior that violates our Community Guidelines.

Details: